| 000 | 00948nam0a22002411 4500 | ||
|---|---|---|---|
| 001 | rc\1013885 | ||
| 005 | 20260406145357.0 | ||
| 035 | _a(NLR Aleph) 006179194 | ||
| 090 |
_a6047206 _c6047206 |
||
| 100 | _a20041129d1981 |||y0rusy50 ca | ||
| 101 | 0 | _arus | |
| 102 | _aRU | ||
| 105 | _aa ||||||||| | ||
| 200 | 1 |
_aДагестанский педагогический _eКрат. ист. очерк |
|
| 210 |
_aМахачкала _cДагкнигоиздат _d1981 |
||
| 215 |
_a234 с., 17 л. ил., цв. ил. _d21 |
||
| 700 | 1 |
_7ca _8rus _aМагомедов _bА. М. _cд-р ист. наук _f1930-1991 _gАхмед Магомедович _9238127 _3RU\NLR\AUTH\770238183 |
|
| 712 | 0 | 2 |
_aДагестанский педагогический институт им. Г. Цадасы _cМахачкала _3RU\NLR\AUTH\889924725 _9345193 |
| 801 | 0 |
_aRU _bNLR _gpsbo |
|
| 801 | 1 |
_aRU _bELAR _2rusmarc |
|
| 852 |
_aNLR _j82-3/6076 |
||
| 942 | _cBOOK | ||
| 980 | _aNB | ||